000 00831nam a2200205Ia 4500
005 20241129111342.0
008 241129s9999||||xx |||||||||||||| ||und||
037 _aTB
040 _aCRL
_bpun
_cCRL
041 _apun
_2pun
084 _aQ8441:21:g 153P6
_qCRL
100 _aਸਿੰਘ, ਜਗਬੀਰ, ਚ।
245 0 _aਮਾਨਵ ਮੁਕਤੀ ਅਤੇ ਦਲਿਤ ਚੇਤਨਾ ਦਾ ਪ੍ਰਗਚਨ ਗੁਰੂ ਗ੍ਰੰਥ ਸਾਹਿਬ
_cਸਿੰਘ, ਜਗਬੀਰ, ਚ।
260 _aਅੰਮ੍ਰਿਤਸਰ, ਭਾਰਤ
_bਅੰਮ੍ਰਿਤਸਰ ਗੁਰੂ ਨਾਨਕ ਦੇਵ ਯੂਨੀਵਰਸਿਟੀ
_c2006
300 _a236ਪ੍ਰ0
365 _aINR
_b550
650 _aSikhismReligion
942 _cTB
_hQ8441:21:g 153P6
999 _c1230064
_d1230064